The Banana export activity in Central America 1947-1976. A case of plantation exports by vertically-integrated transnational corporations /
Guardado en:
| 主要作者: | |
|---|---|
| 格式: | Tesis |
| 出版: |
Londres:
University of Sussex
|
| 標簽: |
添加標簽
沒有標簽, 成為第一個標記此記錄!
|
MARC
| LEADER | 00000 a a2200000 04500 | ||
|---|---|---|---|
| 001 | 21126 | ||
| 003 | |||
| 040 | |||
| 090 | |a 09163.00 | ||
| 100 | |a Ellis, Frank | ||
| 245 | |a The Banana export activity in Central America 1947-1976. A case of plantation exports by vertically-integrated transnational corporations / |c Frank Ellis | ||
| 260 | |a Londres: |b University of Sussex | ||
| 300 | |a 354 páginas | ||
| 502 | |a Tesis (Doctor en Filosofía) -- University of Sussex, 1978 | ||
| 999 | |c 18023 |d 18023 | ||
